Como en Santiago
Guardat en:
| Autor principal: | |
|---|---|
| Format: | Llibre |
| Idioma: | espanyol |
| Publicat: |
Santiago
Centro Gráfico Limitada
2003
|
| Matèries: | |
| Etiquetes: |
Afegir etiqueta
Sense etiquetes, Sigues el primer a etiquetar aquest registre!
|
MARC
| LEADER | 00000nam a2200000 a 4500 | ||
|---|---|---|---|
| 001 | UCG3665 | ||
| 003 | CL-VaPUC | ||
| 008 | 100909e20030800CL |||||||||||||||||spa|d | ||
| 020 | |a 9568287418 | ||
| 082 | 0 | 4 | |a Ch862 |b BAR |2 21 |
| 100 | 0 | |a Barros Grez, Daniel |e author |9 313106 | |
| 245 | 1 | 0 | |a Como en Santiago |
| 300 | |a 102 p | ||
| 942 | |c BK | ||
| 945 | |d 20100909 00:00:00 |a mfarfan | ||
| 260 | |a Santiago |b Centro Gráfico Limitada |c 2003 | ||
| 650 | 0 | |a Dramas chilenos |9 313819 | |
| 650 | 0 | |a Escritores chilenos |9 420370 | |
| 650 | 0 | |a Novelas chilenas |9 265425 | |
| 650 | 0 | |a Literatura chilena |9 308278 | |
| 650 | 0 | |a Teatro chileno |9 266701 | |
| 583 | |a last modification |c 20100909 00:00:00 |k Rodrigo Vera | ||
| 999 | |c 342712 |d 342710 | ||